|
|
|
|
| LEADER |
00000nam a22000007a 4500 |
| 005 |
20120309151554.0 |
| 007 |
cr|||| |||| |
| 008 |
120309s2009 cl |||||s|||| 00||0 spa d |
| 020 |
|
|
|a 956-10-1619-2
|
| 035 |
|
|
|a 6190
|
| 040 |
|
|
|a vLex
|
| 090 |
|
|
|c 3063
|d 3063
|
| 100 |
1 |
|
|a Aylwin Azocar, Patricio
|
| 245 |
1 |
3 |
|a El juicio arbitral
|h [Recurso electrn̤ico] /
|c Patricio Aylwin Azocar
|
| 256 |
|
|
|a Servicio en ln̕ea
|
| 260 |
|
|
|a Santiago de Chile :
|b Editorial jurd̕ica de Chile,
|c 2009
|
| 300 |
|
|
|a 1 recurso electrn̤ico
|
| 500 |
|
|
|a Conceptos fundamentales: Del arbitraje en general; De los r̀bitros. Constitucin̤ del Tribunal Arbitral: Las fuentes del arbitraje, la ley y la Convencin̤ de arbitraje; El compromiso; La clùsula compromisoria; Nombramiento de r̀bitros; De la aceptacin̤ y el juramento de los r̀bitros. Jurisdiccin̤ del Tribunal Arbitral: De la competencia; Cuestiones de jurisdiccin̤ y competencia, implicancias y recusaciones. El procedimiento arbitral: Del juicio seguido ante r̀bitros de Derecho; Del juicio seguido ante arbitradores y ante r̀bitros mixtos; De la sentencia arbitral.
|
| 506 |
1 |
|
|a Contenido solo disponible en los productos indicados
|d vLex Global
|d vLex Global (Academic Edition, excluding Law Schools)
|d vLex Global (U.S. Academic Edition, Law Schools)
|d vLex Global (U.S. Academic Edition, excluding Law Schools)
|d vLex Global (Academic Edition, Law Schools)
|
| 650 |
0 |
4 |
|a Arbitraje y laudo
|z Chile
|
| 740 |
0 |
|
|a vLex Libros (Servicio en ln̕ea)
|
| 856 |
4 |
0 |
|u http://vlex.com/source/juicio-arbitral-6190
|z Acceso restringido
|
| 942 |
|
|
|c BOOK
|
| 999 |
0 |
|
|a Arbitration and award
|